BIBLIOTECA

SENCICO

Informe de avance de Investigación sobre construcciones de Adobe patrocinado por el Ministerio de Vivienda (Registro nro. 1884)

Detalles MARC
000 -LEADER
fixed length control field 00703nam a2200181Ia 4500
005 - DATE AND TIME OF LATEST TRANSACTION
control field 20251020182525.0
008 - FIXED-LENGTH DATA ELEMENTS--GENERAL INFORMATION
fixed length control field 200515s9999 xx 000 0 und d
082 ## - DEWEY DECIMAL CLASSIFICATION NUMBER
Classification number 691.412/U42
245 #0 - TITLE STATEMENT
Title Informe de avance de Investigación sobre construcciones de Adobe patrocinado por el Ministerio de Vivienda
260 ## - PUBLICATION, DISTRIBUTION, ETC.
Place of publication, distribution, etc. Lima
260 ## - PUBLICATION, DISTRIBUTION, ETC.
Date of publication, distribution, etc. 1971
300 ## - PHYSICAL DESCRIPTION
Extent Universidad Nacional de Ingeniería
500 ## - GENERAL NOTE
General note 1 ejemplar
520 ## - SUMMARY, ETC.
Summary, etc. Parte de una investigación de mayor alcance sobre el mejoramiento de construcciones de tierra que se está realizando en el Departamento de Estructuras y Construcción de la Universidad Nacional de Ingeniería (UNI)
650 ## - SUBJECT ADDED ENTRY--TOPICAL TERM
Topical term or geographic name entry element ADOBE
650 ## - SUBJECT ADDED ENTRY--TOPICAL TERM
Topical term or geographic name entry element LIB
942 ## - ADDED ENTRY ELEMENTS (KOHA)
Koha item type Libros
Existencias
Fecha de la última vez que lo usaron Pago total Signatura topográfica completa Código de barras Precio efectivo desde Tipo de documento Estado perdido Estado dañado No es para préstamo Retirado Ubicación permanente Ubicación actual Fecha de adquisición
15/05/2020   691.412/U42 Bib-Lima15051884 15/05/2020 Libros         Biblioteca Central Lima Biblioteca Central Lima 15/05/2020